| 000 | 00458nam a2200157Ia 4500 | ||
|---|---|---|---|
| 003 | LK-CoDNM | ||
| 005 | 20240801104544.0 | ||
| 008 | 010623t1922 xxu||||| |||| 00| 1 eng d | ||
| 040 |
_aLK-CoDNM _dLK-CoDNM _eLK-CoDNM |
||
| 041 | _aeng | ||
| 080 |
_a8 _bN21 |
||
| 245 | _aProceedings and Transaction of the first Oriental Conference 1919,Poona | ||
| 260 |
_bBhandarkar Oriental Research Institute _aPoona _c1922 |
||
| 300 | _bviii, 470p. : 24 cm | ||
| 942 | _cBK | ||
| 999 |
_c91021 _d91021 |
||